Grössten Städte Nordmazedoniens - Statistiken

Allgemein
  • Dieses Quiz wurde 16 mal gespielt
  • Das Durchschnittsergebnis liegt bei 6 aus 10
Antwortstatistiken
Hint Antwort % Korrekt
505.400 Skopje
100%
71.890 Bitola
79%
38.900 Ohrid
79%
73.360 Kumanovo
71%
56.080 Tetovo
71%
37.030 Gostivar
50%
43.140 Veles
50%
64.830 Prilep
43%
44.510 Štip
36%
36.920 Strumica
36%
Keine übereinstimmenden Quizze gefunden
Verteilung der Resultate
Anzahl Personen mit jedem Resultat
Perzentil nach korrekt beantworteten Fragen
Ihre Resultats-Entwicklung
Sie haben dieses Quiz noch nicht gespielt